000 00663nam a2200205Ia 4500
003 GCL
008 140319s9999 xx 000 0 ara d
040 _aGCL /
_cGCL
082 0 4 _a301.01
_bع ق
100 1 _aعلى عبدالرازق جلبى
245 1 0 _aقضايا علم الاجتماع المعاصر /
_cعلى عبدالرازق جلبى
300 _a274 ص
490 _a
650 0 4 _aالاجتماع الاسلامى
650 0 4 _aالاجتماع، علم
650 0 4 _aالاجتماع الدينى، علم
650 0 4 _aالاجتماع الصناعى، علم
650 0 4 _aالاجتماع العسكرى، علم
942 _2ddc
_cBK
999 _c39079
_d39079